000 01547nam a2200253 a 4500
001 85396
003 BD-RjUL
005 20250731154539.0
008 250731s2024 bg ||||| m||| 00| 0 ben d
035 _a(BD-RjUL)85396
040 _aBD-RjUL
_bben /eng
_cBD-RjUL
_dBD-RjUL
041 _aben
082 _a892.7054
_bHAB 2024
_223
100 _aআলী, হাশেম
_916384
245 1 0 _aবিংশ শতাব্দীতে ভারতীয় উপমহাদেশে আরবী ভাষা ও সাহিত্যচর্চা =( Practice of Arabic Language and Literature in the Twentieth Century Indian Subcontinent) /
_cহাশেম আলী ;
_6তত্ত্বাবধায়ক : ইফতিখারুল আলম মাসউদ
246 _aPractice of Arabic Language and Literature in the Twentieth Century Indian Subcontinent
260 _aরাজশাহী :
_bআরবী বিভাগ, রাজশাহী বিশ্ববিদ্যালয়,
_c২০২৪
300 _axxii, ১৭৫ পাতা ;
_c২৯ সেমি.
502 _aথিসিস (পিএইচ. ডি.) -- আরবী বিভাগ, রাজশাহী বিশ্ববিদ্যালয়, ২০২৪
504 _aগ্রন্থপঞ্জী : পাতা ১৬৪-১৭৫
650 _aArabic Literature
_zIndian Subcontinent
_916387
700 _aমাসউদ, ইফতিখারুল আলম, তত্ত্বাবধায়ক
_91549
942 _2ddc
_cTHE
999 _c85396
_d85396